|
|
|
|
| LEADER |
00000cam a22000004a 4500 |
| 001 |
musev2_57512 |
| 003 |
MdBmJHUP |
| 005 |
20230905045912.0 |
| 006 |
m o d |
| 007 |
cr||||||||nn|n |
| 008 |
100420s2007 aru o 00 0 eng d |
| 020 |
|
|
|a 9781610754705
|
| 020 |
|
|
|z 9781557288363
|
| 035 |
|
|
|a (OCoLC)1080551143
|
| 040 |
|
|
|a MdBmJHUP
|c MdBmJHUP
|
| 100 |
1 |
|
|a Gibb, Robert.
|
| 245 |
1 |
0 |
|a World Over Water :
|b Poems /
|c by Robert Gibb.
|
| 264 |
|
1 |
|a Fayetteville :
|b University of Arkansas Press,
|c 2007.
|
| 264 |
|
3 |
|a Baltimore, Md. :
|b Project MUSE,
|c 2019
|
| 264 |
|
4 |
|c ©2007.
|
| 300 |
|
|
|a 1 online resource (106 pages).
|
| 336 |
|
|
|a text
|b txt
|2 rdacontent
|
| 337 |
|
|
|a computer
|b c
|2 rdamedia
|
| 338 |
|
|
|a online resource
|b cr
|2 rdacarrier
|
| 505 |
0 |
|
|a Intro; Contents; I; Industrial Landscapes; Saying Farewell to the Displays in the Museum of Natural History; Deed; Steelworkersâ#x80;#x99; Lockers, Pittsburgh History Center; At the History Center, Remembering a Photograph Taken of My Father; Raising the Blinds; The Hall of Architecture; Nocturne; Water Music; Aftermath; II; 328 Sixteenth Avenue; On the Photographs in Margaret Byingtonâ#x80;#x99;s Homestead: The Households of a Mill Town; Charting the Leaves; Park Elementary School; Wood Frog, Frick Park; Class Photos; Wood Work; The Art of the Comics, Ca. 1960; At Kennywood Park; Hettie.
|
| 505 |
0 |
|
|a III: A Strike PacketAt the Steelworkersâ#x80;#x99; Monument During the 100th Anniversary of the Homestead Strike of 1892; Alexander Berkman Addressing May First Rally, Union Square, New York, 1908; Touring Clayton, the Estate of the Industrialist Henry Clay Frick; Berkman in Prison: Woods Run, 1900; The Bandstand; The Homestead Lockout & Strike, 1892; 195 Fatalities in Steel Plants of the Pittsburgh District, July 1,1906â#x80;#x93;June 30, 1907.â#x80;#x94;By Causes; Lewis Hine in Homestead; IV; Melville Views the Homestead Works; Mesta Worker and Gear, 1913; Gallery Guide; Trapper Boy, Coal Mine.
|
| 505 |
0 |
|
|a Pittsburghesque, Ca. 1949Smokestack Lightning; Fingered; Industrial Relics, Station Square; Khrushchev Visits Mesta Machine, 1959: A Variation on the Double Sonnet; Dream Street: W. Eugene Smithâ#x80;#x99;s Pittsburgh Photographs; Notes.
|
| 588 |
|
|
|a Description based on print version record.
|
| 650 |
|
7 |
|a Poetry.
|2 fast
|0 (OCoLC)fst01067691
|
| 650 |
|
7 |
|a POETRY
|x American
|x General.
|2 bisacsh
|
| 650 |
|
7 |
|a LITERARY CRITICISM
|x Poetry.
|2 bisacsh
|
| 650 |
|
7 |
|a poetry.
|2 aat
|
| 650 |
|
6 |
|a Poesie.
|
| 650 |
|
2 |
|a Poetry as Topic
|
| 650 |
|
0 |
|a Poetry.
|
| 655 |
|
7 |
|a Electronic books.
|2 local
|
| 710 |
2 |
|
|a Project Muse.
|e distributor
|
| 830 |
|
0 |
|a Book collections on Project MUSE.
|
| 856 |
4 |
0 |
|z Texto completo
|u https://projectmuse.uam.elogim.com/book/57512/
|
| 945 |
|
|
|a Project MUSE - Custom Collection
|
| 945 |
|
|
|a Project MUSE - Archive Complete Supplement VII
|
| 945 |
|
|
|a Project MUSE - Archive Poetry, Fiction and Creative Non-Fiction Supplement VII
|